000 00617nam a22002537a 4500
003 UA-OsUOA
001 30113
007 ta
008 20041103b un ||||| |||| 00| 0 ukr d
100 _aАлексеев В.
700 _aМакаренко В.
090 _a91(282.253.21)
_bА47
942 _cBK
040 _aUA-OsUOA
_brus
_cUA-OsUOA
_dUA-OsUOA
245 _aПо берегам Ганга
300 _a166 с.
_bІлюстрації
955 _a0
041 _arus
080 _a91(282.253.21)
260 _aМосква
_bМысль
_c1968
044 _aRU
650 7 _2UDC
999 _c316520
_d316520